00871nam a22002417a 4500003000500000005001700005008004100022010001000063011001000073035001000083040000900093100003100102245007300133260009600206300001000302490008500312650002600397650002100423700002600444700003100470700004300501830008500544CHAP20220329135532.0971013s1982 r 00010 d a38152 a39124 a43244 cCHAP00aPatiño Valera, Fernando. aGmelina arborea Roxb una especie promisoria en el trópico mexicano aCampeche, Camp. :bINIF. Centro de Investigaciones Forestales del Trópico Húmedo,c1982 a43 h. aINIF. Centro de Investigaciones del Trópico Húmedo. Boletín técnicov; 314aÁrboles tropicales.14aGmelina arborea.0 aBertoni Vega, Raúl.0 aCedeño Sánchez, Oscar.0 aJuárez Gutiérrez, Víctor Manuel.0 aINIF. Centro de Investigaciones del Trópico Húmedo. Boletín técnicov; 3